| 000 | 00468nam a22001457a 4500 | ||
|---|---|---|---|
| 003 | macl | ||
| 005 | 20180411125352.0 | ||
| 008 | 180411b xxu||||| |||| 00| 0 eng d | ||
| 040 | _cmacl | ||
| 100 |
_aडॉ. निकिता चक्रवर्ती _971951 |
||
| 245 | _aशान्ति का उपाय | ||
| 260 |
_aदिल्ली _bनवप्रभात साहित्य _c2016 |
||
| 650 |
_aदर्शन _971952 |
||
| 942 |
_2ddc _cHIN |
||
| 999 |
_c57668 _d57668 |
||